000 00696nam a2200289Ia 4500
005 20260324144214.0
008 008 260324s9999 xx 000 0 eng d
020 _a9781003114796
037 _aEBOOK
040 _aCRL
040 _beng
040 _cCRL
041 _2eng
041 _aeng
084 _qCRL
100 _aSusan Lever
_91218467
245 2 _aA Question of Commitment
245 0 _bAustralian literature in the twenty years after the war
260 _bTaylor and Francis
260 _c1989
365 _a
365 _b230
856 _uhttp://www.taylorfrancis.com/books/9781003114796
942 _cEBOOK
999 _c1824796
_d1824796